00475 2200193 4500001002100000005001500021008004100036020002200077035001900099041000700118082000800125090001400133100002300147245002800170260002800198300002600226500001100252650001800263INLIS00000000000413220241224112843241224||||||||| | ||| |||| || |  a978-602-9018-25-7 0010-1224004132 aid0 a658 a658 SUS p0 aSusatyo Herlambang00aPersonality Development bGosyen Publishingc2011 aviii, 120 hlm.; 20 cm aCet. 1 0aIlmu Filsafat